LEADER 00899nam0-22003131i-450- 001 990007893360403321 005 20040607105619.0 010 $a1-900650-46-0 035 $a000789336 035 $aFED01000789336 035 $a(Aleph)000789336FED01 035 $a000789336 100 $a20040607d2002----km-y0itay50------ba 101 0 $aeng 102 $aGB 200 1 $aLegal translation explained$fEnrique Alcaraz Varo and Brian Hughes 210 $aManchester ; Northampton$cSt. Jerome$d2002 215 $a204 p.$d25 cm 225 1 $aTranslation practices explained$v4 676 $a340.14 700 1$aAlcaraz Varo,$bEnrique$0283353 701 1$aHughes,$bBrian$0283354 801 0$aIT$bUNINA$gRICA$2UNIMARC 901 $aBK 912 $a990007893360403321 952 $aCollez. 2033 (4)$b40803$fFSPBC 959 $aFSPBC 996 $aLegal translation explained$9668361 997 $aUNINA LEADER 01549nam0 22003011i 450 001 VAN0045178 005 20081217120000.0 010 $a88-14-09543-4 100 $a20060522d2002 |0itac50 ba 101 $aita 102 $aIT 105 $a|||| ||||| 200 1 $aFormulario del processo di cognizione e di esecuzione in materia tributaria$eil nuovo processo tributario aggiornato con la legge 28 dicembre 2001, n. 448 che ha esteso la giurisdizione delle commissioni tributarie a tutti i tributi di ogni genere e specie$egiurisprudenza e tabelle dei compensi$fLuigi Matteo Bonavolonta 210 $aMilano$cGiuffrè$d[2002] 215 $aXXVIII, 817 p.$d24 cm$e1 CD-ROM. 410 1$1001VAN0045177$12001 $aCosa & Come. Formulari$1210 $aMilano$cGiuffrè. 620 $dMilano$3VANL000284 700 1$aBonavolontà$bLuigi M.$3VANV007721$0729785 712 $aGiuffrè $3VANV109181$4650 790 1$aBonavolontà, Luigi$zBonavolontà, Luigi M.$3VANV001248 790 1$aBonavolontà, Luigi Matteo$zBonavolontà, Luigi M.$3VANV026258 790 1$aBonavolonta, Luigi M.$zBonavolontà, Luigi M.$3VANV061970 801 $aIT$bSOL$c20230616$gRICA 899 $aBIBLIOTECA DEL DIPARTIMENTO DI GIURISPRUDENZA$1IT-CE0105$2VAN00 912 $aVAN0045178 950 $aBIBLIOTECA DEL DIPARTIMENTO DI GIURISPRUDENZA$d00CONS XVI.B.18 $e00 31778 20060522 996 $aFormulario del processo di cognizione e di esecuzione in materia tributaria$91422554 997 $aUNICAMPANIA LEADER 00841nam0-22002771i-450 001 990005531120403321 005 20240418143723.0 035 $a000553112 035 $aFED01000553112 035 $a(Aleph)000553112FED01 035 $a000553112 100 $a19990530d1929----km-y0itay50------ba 101 0 $aita 105 $ay-------001yy 200 1 $a<>"ludi gallinari" a Pompei$fEmilio Magaldi 210 $aNapoli$cTipografia Ospedale psichiatrico provinciale$d1929 215 $a14 p.$d28 cm 300 $aEstratto da: Vol. 59 degli "Atti dell'Accademia Pontaniana" 700 1$aMagaldi,$bEmilio$0177047 801 0$aIT$bUNINA$gRICA$2UNIMARC 901 $aBK 912 $a990005531120403321 952 $aARCH. X MISC. 09 (11)$bARCH. 15285$fFLFBC 959 $aFLFBC 996 $a"ludi gallinari" a Pompei$970861 997 $aUNINA